000 00726nam a2200217Ia 4500
003 GCL
008 140319s9999 xx 000 0 ara d
020 _a1417582297
040 _aGCL /
_cGCL
082 0 4 _a370.71
_bر م
100 1 _aرشدى فتحى كامل
245 1 0 _aمقدمة فى تخطيط البرامج التعليمية /
_cرشدى فتحى كامل
260 _aالقاهرة :
_bدار الهدى للنشر والتوزيع ،
_c2002
300 _a356 ص ؛
_c24 سم
650 0 4 _aالتعليم
650 0 4 _aالتخطيط التربوى
650 0 4 _aالتعليم - نظريات
650 0 4 _aتكنولوجيا التعليم
650 0 4 _aالتعليم - تطوير
942 _2ddc
_cBK
999 _c6239
_d6239